000 00706nab a22002297a 4500
001 22018
003 HDC
007 cr bn ---aaaaa
008 210128c20151016my ||||| |||| 00| 0 may d
040 _aHDC
245 0 _aSubjek Pengajian Islam harus diperkasa
336 _atext
_2rdacontent
337 _acomputer
_2rdamedia
338 _aonline resource
_2rdacarrier
650 _aEducation
_9844
650 _aIslamic education
_98774
710 _aBerita Harian
856 _zRequest full-text at [email protected]
942 _2lcc
942 _cNEWS
942 _kNWSC 006432
999 _c19334
_d19334